[Event "SDS Naestved Open"]
[Site "Naestved"]
[Date "1988.07.30"]
[Round "8"]
[White "Callergard, Robert"]
[Black "Horvath, Tamas"]
[Result "1/2-1/2"]
[WhiteElo "2330"]
[BlackElo "2410"]
[PlyCount "74"]
[EventDate "1988.07.23"]
[EventType "swiss"]
[EventRounds "9"]
[EventCountry "DEN"]
[SourceTitle "Gl Danbase og ChessBase"]

1. Nf3 g6 2. g3 Bg7 3. d4 c5 4. c3 Qa5 5. Nbd2 cxd4 6. Nb3 Qb6 7. cxd4 d5 8. Bg2 Nf6 9. O-O O-O 10. Nc5 Nc6 11. e3 Bf5 12. b3 Ne4 13. Na4 Qb4 14. a3 Qd6 15. Bb2 b5 16. Nc5 Nxc5 17. dxc5 Qxc5 18. Rc1 Qd6 19. Bxg7 Kxg7 20. Nd4 Nxd4 21. Qxd4+ e5 22. Qxd5 Qxd5 23. Bxd5 Rac8 24. e4 Rxc1 25. Rxc1 Rc8 26. Rxc8 Bxc8 27. Bc6 Be6 28. b4 Bc4 29. f4 f6 30. Kf2 Kf8 31. h4 h6 32. Ke3 Ke7 33. Kf3 Kf8 34. Bb7 Bb3 35. Ba6 Ba4 36. Bb7 Bb3 37. Ba6 Ba4 1/2-1/2

[Event "SDS Naestved Open"]
[Site "Naestved"]
[Date "1988.07.30"]
[Round "8"]
[White "Dobosz, Henryk"]
[Black "Blauert, Joerg"]
[Result "1-0"]
[WhiteElo "2410"]
[BlackElo "2290"]
[PlyCount "45"]
[EventDate "1988.07.23"]
[EventType "swiss"]
[EventRounds "9"]
[EventCountry "DEN"]
[SourceTitle "Gl Danbase og ChessBase"]

1. d4 Nf6 2. c4 e5 3. dxe5 Ne4 4. a3 Nc6 5. Nf3 a5 6. b3 g6 7. h4 Bg7 8. Qd5 f5 9. h5 d6 10. hxg6 Qe7 11. Rxh7 dxe5 12. Bh6 Be6 13. Bxg7 Bxd5 14. Rxh8+ Kd7 15. cxd5 Nd4 16. Nxe5+ Kd6 17. Nc4+ Kxd5 18. Bxd4 Rxh8 19. Bxh8 Qh4 20. Nc3+ Kc6 21. Bd4 Ng3 22. Ne5+ Kd6 23. Nf3 1-0

[Event "SDS Naestved Open"]
[Site "Naestved"]
[Date "1988.07.30"]
[Round "8"]
[White "Ernst, Thomas"]
[Black "Schneider, Bernd"]
[Result "1/2-1/2"]
[WhiteElo "2450"]
[BlackElo "2365"]
[PlyCount "137"]
[EventDate "1988.07.23"]
[EventType "swiss"]
[EventRounds "9"]
[EventCountry "DEN"]
[SourceTitle "Gl Danbase og ChessBase"]

1. e4 g6 2. d4 Bg7 3. Nc3 c6 4. Bc4 d5 5. exd5 b5 6. Bb3 b4 7. Nce2 cxd5 8. a3 bxa3 9. Rxa3 Nf6 10. Nf3 O-O 11. O-O Nbd7 12. Bf4 Bb7 13. Qc1 Nb6 14. Bh6 Nc4 15. Ra2 Ne4 16. Bxg7 Kxg7 17. Qf4 Qd6 18. Qxd6 Ncxd6 19. Rfa1 a6 20. Nf4 e6 21. Nd3 Nc4 22. Nfe1 Rfb8 23. f3 Ned6 24. Nc5 Bc8 25. Ned3 Rb6 26. c3 Rab8 27. Bxc4 Nxc4 28. Nb4 a5 29. Nbd3 Nxb2 30. Ne5 Nc4 31. Nxc4 dxc4 32. Rxa5 Rb2 33. Ra8 Rb1+ 34. Kf2 R8b2+ 35. Kg3 Rxa1 36. Rxa1 Bb7 37. Nxb7 Rxb7 38. Ra4 Rc7 39. Kf4 Kf6 40. h4 h6 41. Ra5 Rb7 42. Rc5 Rb2 43. g3 Re2 44. Rxc4 g5+ 45. hxg5+ hxg5+ 46. Kg4 Kg6 47. f4 gxf4 48. Kxf4 Kf6 49. Rc5 Rf2+ 50. Ke3 Rg2 51. Kf3 Rc2 52. Kg4 Rc1 53. Rc6 Rd1 54. Kf3 Rf1+ 55. Ke2 Rg1 56. d5 Ke7 57. Kf2 Rc1 58. dxe6 fxe6 59. g4 Kf6 60. Ke3 Rg1 61. Rc4 Ke5 62. Re4+ Kd6 63. c4 e5 64. Kf2 Ra1 65. g5 Ke6 66. g6 Ra2+ 67. Kf3 Ra3+ 68. Re3 Ra1 69. Re4 1/2-1/2

[Event "SDS Naestved Open"]
[Site "Naestved"]
[Date "1988.07.30"]
[Round "8"]
[White "Fries Nielsen, Jens Ove"]
[Black "Mortensen, Peter Munch"]
[Result "1-0"]
[WhiteElo "2385"]
[BlackElo "2270"]
[PlyCount "95"]
[EventDate "1988.07.23"]
[EventType "swiss"]
[EventRounds "9"]
[EventCountry "DEN"]
[SourceTitle "Gl Danbase og ChessBase"]

1. e4 Nf6 2. e5 Nd5 3. c4 Nb6 4. b3 d6 5. exd6 exd6 6. Bb2 d5 7. Nf3 N8d7 8. Qe2+ Qe7 9. Qxe7+ Kxe7 10. Nc3 Nf6 11. c5 Nbd7 12. d4 g6 13. Bd3 Bg7 14. O-O Nf8 15. c6 bxc6 16. Ba3+ Ke8 17. Ne5 Ne6 18. Nxc6 Bd7 19. Bb5 a6 20. Ba4 Bf8 21. Bc1 Bd6 22. f4 Ng7 23. f5 Nxf5 24. Bg5 Ng4 25. Rae1+ Kf8 26. Ne5 Nxe5 27. dxe5 Bc5+ 28. Kh1 Bxa4 29. Nxa4 Be7 30. Bf6 Rg8 31. Rc1 Rc8 32. Nb6 Rd8 33. Rxc7 Bxf6 34. exf6 d4 35. Rf4 Rh8 36. Re4 h5 37. Ree7 Nh6 38. h3 Kg8 39. Nc4 d3 40. Nd2 Kh7 41. Kh2 Rc8 42. Ne4 Rhd8 43. Ng5+ Kh8 44. Rxc8 Rxc8 45. Rd7 Rc5 46. Rd8+ Ng8 47. Nxf7+ Kh7 48. Ng5+ 1-0

[Event "SDS Naestved Open"]
[Site "Naestved"]
[Date "1988.07.30"]
[Round "8"]
[White "Haugli, Petter"]
[Black "Bronnum, Jan"]
[Result "1-0"]
[WhiteElo "2330"]
[BlackElo "2130"]
[PlyCount "35"]
[EventDate "1988.07.23"]
[EventType "swiss"]
[EventRounds "9"]
[EventCountry "DEN"]
[SourceTitle "Gl Danbase og ChessBase"]

1. e4 c5 2. Nf3 d6 3. Bb5+ Nd7 4. d4 a6 5. Bxd7+ Bxd7 6. dxc5 dxc5 7. Be3 Qc7 8. Nc3 e6 9. Qd2 b5 10. Bf4 Qb7 11. O-O-O Be7 12. Rhe1 Bc6 13. Nd5 O-O-O 14. Ne5 exd5 15. Nxc6 Qxc6 16. exd5 Qb6 17. d6 h6 18. Qd5 1-0

[Event "SDS Naestved Open"]
[Site "Naestved"]
[Date "1988.07.30"]
[Round "8"]
[White "Hoi, Carsten"]
[Black "Brinck Claussen, Bjorn"]
[Result "1/2-1/2"]
[WhiteElo "2455"]
[BlackElo "2375"]
[PlyCount "29"]
[EventDate "1988.07.23"]
[EventType "swiss"]
[EventRounds "9"]
[EventCountry "DEN"]
[SourceTitle "Gl Danbase og ChessBase"]

1. d4 Nf6 2. Nf3 d5 3. c4 e6 4. Nc3 Be7 5. Bg5 O-O 6. cxd5 exd5 7. Qc2 g6 8. e3 c6 9. Bd3 Re8 10. O-O Nh5 11. Bxe7 Qxe7 12. Rae1 Be6 13. Ne5 Nd7 14. f4 f5 15. a3 1/2-1/2

[Event "SDS Naestved Open"]
[Site "Naestved"]
[Date "1988.07.30"]
[Round "8"]
[White "Jansa, Vlastimil"]
[Black "Petursson, Margeir"]
[Result "0-1"]
[WhiteElo "2470"]
[BlackElo "2530"]
[PlyCount "80"]
[EventDate "1988.07.23"]
[EventType "swiss"]
[EventRounds "9"]
[EventCountry "DEN"]
[SourceTitle "Gl Danbase og ChessBase"]

1. e4 c5 2. Nf3 Nc6 3. d4 cxd4 4. Nxd4 g6 5. c4 Nf6 6. Nc3 d6 7. Be2 Bg7 8. Be3 O-O 9. O-O Bd7 10. Qd2 Nxd4 11. Bxd4 Bc6 12. f3 a5 13. b3 Nd7 14. Be3 Nc5 15. Rab1 Qb6 16. Nb5 Rfc8 17. Rfd1 Qd8 18. Nd4 Qf8 19. a3 Bd7 20. b4 axb4 21. axb4 Ne6 22. Ra1 Rxa1 23. Rxa1 Ra8 24. Rxa8 Qxa8 25. Nxe6 Bxe6 26. Bd4 Bxd4+ 27. Qxd4 Qa2 28. Kf2 h5 29. h3 b6 30. f4 Qc2 31. e5 dxe5 32. fxe5 Qf5+ 33. Kg3 h4+ 34. Kh2 Qc2 35. Bg4 Qxc4 36. Qd8+ Kg7 37. Qxe7 Qf4+ 38. Kg1 Qe3+ 39. Kh1 Qe1+ 40. Kh2 Qxe5+ 0-1

[Event "SDS Naestved Open"]
[Site "Naestved"]
[Date "1988.07.30"]
[Round "8"]
[White "Schneider, Bernd"]
[Black "Armas, Jules"]
[Result "0-1"]
[WhiteElo "2365"]
[BlackElo "2460"]
[PlyCount "68"]
[EventDate "1988.07.23"]
[EventType "swiss"]
[EventRounds "9"]
[EventCountry "DEN"]
[SourceTitle "Gl Danbase og ChessBase"]

1. g3 Nf6 2. Bg2 g6 3. c4 Bg7 4. Nc3 O-O 5. e4 e5 6. Nge2 d6 7. O-O Be6 8. d3 c6 9. h3 Qd7 10. Kh2 Na6 11. f4 Ne8 12. b3 f5 13. d4 fxe4 14. dxe5 dxe5 15. Qxd7 Bxd7 16. Ba3 Rf7 17. fxe5 Bxe5 18. Rxf7 Kxf7 19. Rf1+ Kg7 20. Nxe4 Bf5 21. Rd1 h5 22. Be7 Kf7 23. Bg5 Nac7 24. Nd4 Bxe4 25. Bxe4 Nf6 26. Bc2 Bxd4 27. Rxd4 Ne6 28. Bxf6 Nxd4 29. Bxd4 Re8 30. Kg1 Re2 31. Bxg6+ Kxg6 32. Bxa7 Rxa2 33. Bf2 Rb2 34. c5 Rxb3 0-1

[Event "SDS Naestved Open"]
[Site "Naestved"]
[Date "1988.07.30"]
[Round "8"]
[White "Sziva, Erika"]
[Black "Vinther Schou, Uffe"]
[Result "1-0"]
[WhiteElo "2220"]
[BlackElo "2180"]
[PlyCount "97"]
[EventDate "1988.07.23"]
[EventType "swiss"]
[EventRounds "9"]
[EventCountry "DEN"]
[SourceTitle "Gl Danbase og ChessBase"]

1. e4 c5 2. Nf3 Nc6 3. d4 cxd4 4. Nxd4 Nf6 5. Nc3 d6 6. Bc4 e6 7. Be3 a6 8. Qe2 Bd7 9. O-O-O Rc8 10. Bb3 Na5 11. f3 Nxb3+ 12. axb3 Qa5 13. g4 b5 14. g5 b4 15. Nb1 Nh5 16. f4 g6 17. f5 e5 18. Nf3 gxf5 19. Nfd2 Ng7 20. Nc4 Bb5 21. exf5 Qc7 22. g6 Bxc4 23. bxc4 Qxc4 24. Qxc4 Rxc4 25. Nd2 Rc6 26. f6 hxg6 27. fxg7 Bxg7 28. Ne4 Bf8 29. Nf6+ Kd8 30. Nd5 a5 31. Bb6+ Kd7 32. Bxa5 b3 33. Bc3 Bh6+ 34. Kb1 bxc2+ 35. Kxc2 Ke6 36. b4 Bg7 37. h4 Rc4 38. Kb3 Rcxh4 39. Rxh4 Rxh4 40. b5 Rh8 41. b6 Kd7 42. Ba5 e4 43. Rc1 Rc8 44. Rc7+ Rxc7 45. bxc7 Bf8 46. Bb6 g5 47. Kc4 Kc8 48. Ba7 Kb7 49. Bb8 1-0

[Event "SDS Naestved Open"]
[Site "Naestved"]
[Date "1988.07.30"]
[Round "8"]
[White "Wedberg, Tom"]
[Black "Schandorff, Lars"]
[Result "1-0"]
[WhiteElo "2510"]
[BlackElo "2415"]
[PlyCount "57"]
[EventDate "1988.07.23"]
[EventType "swiss"]
[EventRounds "9"]
[EventCountry "DEN"]
[SourceTitle "Gl Danbase og ChessBase"]

1. e4 e5 2. Nf3 Nc6 3. Bb5 a6 4. Ba4 Nf6 5. O-O Be7 6. Bxc6 dxc6 7. d3 Nd7 8. Nbd2 f6 9. Nh4 g6 10. Nc4 Nc5 11. Be3 Be6 12. Na5 Rb8 13. b4 Nd7 14. Qd2 c5 15. bxc5 Nxc5 16. Rfb1 Qc8 17. Nf3 c6 18. a4 b6 19. Qc3 Qc7 20. Nc4 Nd7 21. d4 exd4 22. Nxd4 Bf7 23. Ne2 Bd6 24. Nxd6+ Qxd6 25. Rd1 Qe6 26. Nd4 Qxe4 27. Bh6 Ne5 28. Re1 Qd5 29. f4 1-0

[Event "SDS Naestved Open"]
[Site "Naestved"]
[Date "1988.07.31"]
[Round "9"]
[White "Ahlander, Bjorn"]
[Black "Wedberg, Tom"]
[Result "1/2-1/2"]
[WhiteElo "2395"]
[BlackElo "2510"]
[PlyCount "83"]
[EventDate "1988.07.23"]
[EventType "swiss"]
[EventRounds "9"]
[EventCountry "DEN"]
[SourceTitle "Gl Danbase og ChessBase"]

1. d4 Nf6 2. c4 e6 3. Nf3 c5 4. e3 d5 5. Nc3 Nc6 6. cxd5 exd5 7. Be2 Be7 8. O-O O-O 9. b3 b6 10. Bb2 Bb7 11. Rc1 Rc8 12. dxc5 Bxc5 13. Nb5 Re8 14. Nbd4 Nxd4 15. Nxd4 a6 16. Bd3 Bd6 17. Qe2 b5 18. Nf5 Be5 19. Bxe5 Rxe5 20. Qb2 Re8 21. Qd4 Rxc1 22. Rxc1 Bc8 23. Ng3 Be6 24. b4 Qd7 25. a3 Rc8 26. Rc5 Rxc5 27. Qxc5 Ng4 28. Qc3 Qd6 29. Bf1 g6 30. h3 Ne5 31. Ne2 Nc4 32. Nd4 Qe5 33. Bxc4 dxc4 34. f3 h5 35. Ne2 Qf5 36. Nd4 Qe5 37. Ne2 Qg5 38. Nf4 Qf5 39. Qd4 Kh7 40. Kh2 Kg8 41. Qd8+ Kg7 42. Qd4+ 1/2-1/2

[Event "SDS Naestved Open"]
[Site "Naestved"]
[Date "1988.07.31"]
[Round "9"]
[White "Armas, Jules"]
[Black "Haugli, Petter"]
[Result "1-0"]
[WhiteElo "2460"]
[BlackElo "2330"]
[PlyCount "65"]
[EventDate "1988.07.23"]
[EventType "swiss"]
[EventRounds "9"]
[EventCountry "DEN"]
[SourceTitle "Gl Danbase og ChessBase"]

1. e4 e6 2. d4 d5 3. Nd2 Nf6 4. e5 Nfd7 5. c3 c5 6. Bd3 Nc6 7. Ne2 Qb6 8. Nf3 cxd4 9. cxd4 f6 10. exf6 Nxf6 11. O-O Bd6 12. b3 O-O 13. Bf4 Nxd4 14. Nfxd4 Bxf4 15. Nxf4 e5 16. Nxd5 Qxd4 17. Nc7 Bg4 18. Bc4+ Qxc4 19. bxc4 Bxd1 20. Nxa8 Be2 21. Rfe1 Bxc4 22. Rec1 b5 23. Nc7 Rf7 24. Na6 Nd5 25. f3 Nf4 26. Rc2 Ne2+ 27. Kf2 Nd4 28. Rd2 g5 29. Re1 Rf5 30. Kg3 h5 31. h3 Kf7 32. Nc5 a5 33. Nb7 1-0

[Event "SDS Naestved Open"]
[Site "Naestved"]
[Date "1988.07.31"]
[Round "9"]
[White "Bang, Andreas"]
[Black "Halasz, Tamas"]
[Result "0-1"]
[WhiteElo "2280"]
[BlackElo "2405"]
[PlyCount "72"]
[EventDate "1988.07.23"]
[EventType "swiss"]
[EventRounds "9"]
[EventCountry "DEN"]
[SourceTitle "Gl Danbase og ChessBase"]

1. Nf3 Nf6 2. c4 g6 3. Nc3 Bg7 4. e4 d6 5. d4 O-O 6. Be2 e5 7. O-O Nc6 8. d5 Ne7 9. Nd2 c5 10. f4 exf4 11. Nf3 Nh5 12. Ne1 f5 13. Bxh5 gxh5 14. Nd3 Bd4+ 15. Kh1 Bxc3 16. bxc3 fxe4 17. Nxf4 Bg4 18. Qe1 Ng6 19. h3 Bd7 20. Nxg6 Rxf1+ 21. Qxf1 hxg6 22. Qf4 Bf5 23. Qg3 h4 24. Qe3 Qf6 25. Bd2 Kf7 26. Rf1 Ke7 27. Qf2 Kd7 28. Be1 Re8 29. Qf4 e3 30. Rf3 e2 31. Re3 Rxe3 32. Qxe3 Bd3 33. Bf2 Bxc4 34. Kg1 Bxa2 35. Qxe2 Bxd5 36. Qg4+ Qe6 0-1

[Event "SDS Naestved Open"]
[Site "Naestved"]
[Date "1988.07.31"]
[Round "9"]
[White "Bronnum, Jan"]
[Black "Ziegler, Ari"]
[Result "1/2-1/2"]
[WhiteElo "2130"]
[BlackElo "2260"]
[PlyCount "119"]
[EventDate "1988.07.23"]
[EventType "swiss"]
[EventRounds "9"]
[EventCountry "DEN"]
[SourceTitle "Gl Danbase og ChessBase"]

1. d4 e6 2. Nf3 Nf6 3. e3 b6 4. Bd3 Bb7 5. Nbd2 Be7 6. O-O d5 7. b3 O-O 8. Bb2 c5 9. Qe2 Nc6 10. a3 Rc8 11. Rad1 Qc7 12. Ne5 Nxe5 13. dxe5 Nd7 14. f4 g6 15. c4 Rfe8 16. Qg4 Bf8 17. h4 h5 18. Qg3 Bg7 19. Qh3 Rcd8 20. g4 hxg4 21. Qxg4 dxc4 22. Nxc4 Qc6 23. Kh2 Nf8 24. Ba1 Rd7 25. Nd6 Rxd6 26. exd6 Bxa1 27. Rxa1 Qxd6 28. Rad1 f5 29. Qg3 Qe7 30. h5 Qh7 31. Be2 Bd5 32. b4 c4 33. Qh3 Re7 34. Rg1 Qh8 35. hxg6 Qb2 36. Qf1 Qh8+ 37. Qh3 Qb2 38. Qf1 Rg7 39. Rb1 Qd2 40. Rg3 Nxg6 41. Kg1 Kf8 42. Qd1 Qc3 43. Rc1 Qxa3 44. Ra1 Qc3 45. Rc1 Nxf4 46. Rxc3 Rxg3+ 47. Kf1 Nxe2 48. Qxe2 Rh3 49. e4 Rxc3 50. exd5 exd5 51. Qe5 Rd3 52. Qb8+ Ke7 53. Qxa7+ Kd6 54. Qxb6+ Ke5 55. Ke2 f4 56. Qc7+ Ke4 57. Qh7+ Kd4 58. Qg7+ Ke4 59. Qg6+ Kd4 60. Qf6+ 1/2-1/2

[Event "SDS Naestved Open"]
[Site "Naestved"]
[Date "1988.07.31"]
[Round "9"]
[White "Brynell, Stellan"]
[Black "Jansa, Vlastimil"]
[Result "1/2-1/2"]
[WhiteElo "2385"]
[BlackElo "2470"]
[PlyCount "120"]
[EventDate "1988.07.23"]
[EventType "swiss"]
[EventRounds "9"]
[EventCountry "DEN"]
[SourceTitle "Gl Danbase og ChessBase"]

1. e4 c5 2. Nf3 e6 3. c3 Nf6 4. e5 Nd5 5. d4 cxd4 6. cxd4 b6 7. Nc3 Nxc3 8. bxc3 Qc7 9. Bd2 d6 10. Bd3 Nd7 11. exd6 Bxd6 12. O-O Bb7 13. Re1 O-O 14. Ne5 Bxe5 15. dxe5 Nc5 16. Bc2 Rfd8 17. Re3 Qc6 18. Rg3 Ne4 19. Bxe4 Qxe4 20. Qh5 g6 21. Re1 Qc2 22. Bh6 Rd3 23. Qg4 Qxc3 24. Rc1 Rxg3 25. Qxg3 Qxg3 26. hxg3 Bd5 27. a3 a5 28. Rb1 Rb8 29. Bd2 Rb7 30. Be3 b5 31. Bd2 b4 32. axb4 a4 33. Bc1 Bb3 34. Ba3 Rb5 35. Rc1 g5 36. Rc5 Rxc5 37. bxc5 Bd5 38. f3 Kg7 39. Kf2 Kg6 40. Ke3 h5 41. Bb2 Kf5 42. Kf2 Bc6 43. Ke3 Bd5 44. Kf2 g4 45. Ke3 Bc6 46. Kf2 Kg6 47. Ke3 Kf5 48. Kf2 a3 49. Bxa3 Kxe5 50. Ke3 Kf5 51. Bb2 f6 52. Bc3 e5 53. Bb2 Ke6 54. Bc3 Kd5 55. f4 exf4+ 56. gxf4 h4 57. Bxf6 h3 58. gxh3 gxh3 59. Kf2 Ke6 60. Kg3 Kxf6 1/2-1/2

[Event "SDS Naestved Open"]
[Site "Naestved"]
[Date "1988.07.31"]
[Round "9"]
[White "Callergard, Robert"]
[Black "Ernst, Thomas"]
[Result "1/2-1/2"]
[WhiteElo "2330"]
[BlackElo "2450"]
[PlyCount "61"]
[EventDate "1988.07.23"]
[EventType "swiss"]
[EventRounds "9"]
[EventCountry "DEN"]
[SourceTitle "Gl Danbase og ChessBase"]

1. d4 Nf6 2. Nf3 g6 3. g3 Bg7 4. Bg2 O-O 5. O-O d5 6. Nbd2 Nbd7 7. c4 c5 8. cxd5 cxd4 9. Nxd4 Nb6 10. e4 Nfxd5 11. exd5 Bxd4 12. Ne4 Be5 13. Bh6 Re8 14. Qb3 Nxd5 15. Rad1 e6 16. Nc3 Bxc3 17. bxc3 Qe7 18. Bxd5 exd5 19. Rfe1 Be6 20. Qa4 f6 21. Re3 Qf7 22. h4 a6 23. Rde1 Rac8 24. Kh2 Bd7 25. Qd4 Rxe3 26. Rxe3 Re8 27. Rxe8+ Bxe8 28. Qc5 Bc6 29. Qd6 Be8 30. Kg1 Bc6 31. Kh2 1/2-1/2

[Event "SDS Naestved Open"]
[Site "Naestved"]
[Date "1988.07.31"]
[Round "9"]
[White "Dobosz, Henryk"]
[Black "Kosten, Anthony C"]
[Result "1/2-1/2"]
[WhiteElo "2410"]
[BlackElo "2510"]
[PlyCount "57"]
[EventDate "1988.07.23"]
[EventType "swiss"]
[EventRounds "9"]
[EventCountry "DEN"]
[SourceTitle "Gl Danbase og ChessBase"]

1. d4 Nf6 2. Nf3 e6 3. e3 b6 4. Bd3 Bb7 5. O-O c5 6. b3 Nc6 7. c4 Be7 8. Bb2 cxd4 9. exd4 d5 10. Nbd2 O-O 11. Rc1 Rc8 12. Re1 Re8 13. Ne5 dxc4 14. Nxc6 Rxc6 15. bxc4 Rc7 16. Nf3 Bb4 17. Rf1 Nh5 18. c5 bxc5 19. Bb5 Rf8 20. a3 Ba5 21. dxc5 a6 22. Ba4 Qxd1 23. Rfxd1 Bxf3 24. gxf3 Nf4 25. Kf1 f6 26. Rd6 Rb8 27. Ba1 Kf7 28. c6 Nd5 29. Bd4 1/2-1/2

[Event "SDS Naestved Open"]
[Site "Naestved"]
[Date "1988.07.31"]
[Round "9"]
[White "Hector, Jonny"]
[Black "Brinck Claussen, Bjorn"]
[Result "1/2-1/2"]
[WhiteElo "2435"]
[BlackElo "2375"]
[PlyCount "129"]
[EventDate "1988.07.23"]
[EventType "swiss"]
[EventRounds "9"]
[EventCountry "DEN"]
[SourceTitle "Gl Danbase og ChessBase"]

1. e4 e5 2. Nc3 Nf6 3. f4 d5 4. fxe5 Nxe4 5. Nf3 Be7 6. Qe2 Nxc3 7. dxc3 c5 8. Bf4 Nc6 9. O-O-O Be6 10. c4 d4 11. Nd2 Qa5 12. a3 Qa4 13. Qf3 O-O-O 14. Kb1 g5 15. Bg3 h5 16. h3 g4 17. Qf2 Na5 18. hxg4 hxg4 19. Rxh8 Rxh8 20. Bd3 Rh5 21. Qe2 Nc6 22. Be4 Nd8 23. Bd5 Qd7 24. Ne4 Nc6 25. Nf2 Bd8 26. Nd3 b6 27. Re1 Bc7 28. Qe4 Ne7 29. Bxe6 fxe6 30. Qxg4 Rh8 31. Bh4 Rg8 32. Qe4 Nf5 33. Bf6 Ne3 34. b3 Rg4 35. Qa8+ Bb8 36. Rh1 Rg8 37. Qe4 Qb7 38. Qxb7+ Kxb7 39. Nf4 Ng4 40. Nxe6 Bxe5 41. Rh7+ Kb8 42. Bxe5+ Nxe5 43. Rg7 Rh8 44. Kc1 Rh1+ 45. Kd2 Rf1 46. Rg5 Nc6 47. Rg8+ Kb7 48. Rg7+ Kb8 49. Ke2 Rc1 50. Kd3 Re1 51. Nc7 Ne5+ 52. Kd2 Rf1 53. Na6+ Kc8 54. a4 Rf2+ 55. Kd1 d3 56. cxd3 Nxd3 57. g4 Nb2+ 58. Kc1 Nd3+ 59. Kb1 Rb2+ 60. Ka1 Rxb3 61. g5 Nf4 62. Rxa7 Ne6 63. g6 Rg3 64. a5 bxa5 65. g7 1/2-1/2

[Event "SDS Naestved Open"]
[Site "Naestved"]
[Date "1988.07.31"]
[Round "9"]
[White "Hegeler, Frank"]
[Black "Stempin, Pawel"]
[Result "1/2-1/2"]
[WhiteElo "2225"]
[BlackElo "2435"]
[PlyCount "113"]
[EventDate "1988.07.23"]
[EventType "swiss"]
[EventRounds "9"]
[EventCountry "DEN"]
[SourceTitle "Gl Danbase og ChessBase"]

1. d4 Nf6 2. c4 e6 3. Nf3 Bb4+ 4. Bd2 c5 5. Bxb4 cxb4 6. e3 O-O 7. Be2 d6 8. O-O Nc6 9. Ne1 e5 10. d5 Nb8 11. Nd3 a5 12. a3 bxa3 13. Rxa3 Na6 14. Nd2 Bf5 15. f4 Bxd3 16. Bxd3 Nc5 17. fxe5 dxe5 18. Bb1 Ra6 19. Qc2 g6 20. Qc3 Re8 21. Bc2 Nfd7 22. e4 Qc7 23. Ba4 Nxa4 24. Rxa4 Nc5 25. Ra3 a4 26. Qc2 Rf8 27. Rfa1 Rf6 28. Rf3 Rxf3 29. Nxf3 b6 30. Qc3 Nxe4 31. Qxe5 Qxc4 32. Nd4 Nd6 33. Nc6 Qc5+ 34. Kh1 h5 35. Rf1 Nc8 36. h3 Qd6 37. Qe4 b5 38. Nd4 Rd8 39. Nxb5 Qxd5 40. Qxa4 Nb6 41. Qb4 Qc4 42. Qxc4 Nxc4 43. b3 Ne3 44. Re1 Rd3 45. b4 Rb3 46. Nc7 f5 47. b5 Kf7 48. Kg1 f4 49. Kf2 g5 50. Re2 Kg6 51. Rd2 g4 52. hxg4 hxg4 53. Ne6 g3+ 54. Ke1 Rb1+ 55. Ke2 Nxg2 56. Kf3 Ne1+ 57. Kg4 1/2-1/2

[Event "SDS Naestved Open"]
[Site "Naestved"]
[Date "1988.07.31"]
[Round "9"]
[White "Hoiberg, Nina"]
[Black "Sorensen, Bent"]
[Result "0-1"]
[WhiteElo "2235"]
[BlackElo "2320"]
[PlyCount "44"]
[EventDate "1988.07.23"]
[EventType "swiss"]
[EventRounds "9"]
[EventCountry "DEN"]
[SourceTitle "Gl Danbase og ChessBase"]

1. e4 e6 2. Nf3 d5 3. e5 c5 4. b4 b6 5. c3 Qd7 6. Na3 cxb4 7. Bb5 Nc6 8. Nd4 Bb7 9. Qa4 Nge7 10. cxb4 a6 11. Bxc6 Nxc6 12. Nxc6 Bxc6 13. Qb3 Ba4 14. Qg3 Bxb4 15. Qxg7 O-O-O 16. Qg4 Bc5 17. Bb2 d4 18. Nc4 Rhg8 19. Qf3 Bc6 20. Qb3 Qd5 21. Nxb6+ Bxb6 22. Qxb6 Qe4+ 0-1

[Event "SDS Naestved Open"]
[Site "Naestved"]
[Date "1988.07.31"]
[Round "9"]
[White "Kamaras, Peter"]
[Black "Olsen, Nils Linde"]
[Result "1-0"]
[WhiteElo "2265"]
[BlackElo "2125"]
[PlyCount "85"]
[EventDate "1988.07.23"]
[EventType "swiss"]
[EventRounds "9"]
[EventCountry "DEN"]
[SourceTitle "Gl Danbase og ChessBase"]

1. Nf3 Nf6 2. g3 d5 3. Bg2 c6 4. O-O Bg4 5. d3 g6 6. Nbd2 Bg7 7. e4 O-O 8. Re1 Qb6 9. c3 Nbd7 10. h3 Bxf3 11. Nxf3 e6 12. Qe2 a5 13. e5 Ne8 14. Be3 c5 15. d4 cxd4 16. Bxd4 Qc6 17. a4 Nc7 18. Bf1 Nb6 19. b3 Rfc8 20. Qe3 Nd7 21. b4 b6 22. h4 Bf8 23. b5 Qb7 24. Bd3 Nc5 25. Bc2 Ne8 26. h5 Ng7 27. g4 Be7 28. Qh6 Ne8 29. Ng5 Bxg5 30. Qxg5 Ra7 31. Re3 Qe7 32. Qf4 Rb7 33. Kg2 Nc7 34. Rh1 Ne4 35. hxg6 fxg6 36. Qh6 Rf8 37. Reh3 Ne8 38. f3 Ng5 39. Rg3 Rc7 40. Bxg6 hxg6 41. Be3 Rxf3 42. Rxf3 Nxf3 43. Qh8+ 1-0

[Event "SDS Naestved Open"]
[Site "Naestved"]
[Date "1988.07.31"]
[Round "9"]
[White "Lau, Ralf"]
[Black "Sax, Gyula"]
[Result "1/2-1/2"]
[WhiteElo "2495"]
[BlackElo "2600"]
[PlyCount "114"]
[EventDate "1988.07.23"]
[EventType "swiss"]
[EventRounds "9"]
[EventCountry "DEN"]
[SourceTitle "Gl Danbase og ChessBase"]

1. e4 c5 2. Nf3 e6 3. d3 Nc6 4. g3 d5 5. Nbd2 Bd6 6. Bg2 Nge7 7. O-O O-O 8. Re1 Qc7 9. c3 Bd7 10. Qe2 f6 11. Nb3 a6 12. d4 cxd4 13. exd5 Nxd5 14. c4 Ndb4 15. c5 Be5 16. Qc4 d3 17. Nxe5 fxe5 18. Rf1 Be8 19. Bd2 Nc2 20. Rad1 Bh5 21. f3 Bg6 22. f4 Kh8 23. Be4 Bh5 24. Bxd3 Bxd1 25. Qe4 g6 26. Rxd1 N2d4 27. Bc3 Rad8 28. Re1 Qf7 29. Bc4 Qf5 30. Kg2 h5 31. Qxf5 Rxf5 32. fxe5 Kh7 33. Nxd4 Nxd4 34. Rd1 Nc6 35. Rxd8 Nxd8 36. Bd3 Rf7 37. Be4 Nc6 38. b4 Rd7 39. a4 Ne7 40. b5 axb5 41. axb5 Nd5 42. Ba5 Ne3+ 43. Kf3 Nc4 44. Bc3 Rc7 45. c6 bxc6 46. bxc6 Rc8 47. Ke2 Nb6 48. Ba5 Nc4 49. Bc3 Nb6 50. Ba5 Nd5 51. Bxd5 exd5 52. c7 Kg7 53. Kd3 Kf7 54. Kd4 Ke6 55. h4 Rg8 56. Bb6 Re8 57. Bc5 Rc8 1/2-1/2

[Event "SDS Naestved Open"]
[Site "Naestved"]
[Date "1988.07.31"]
[Round "9"]
[White "Piepjohn, Reinhardt"]
[Black "Sax, Gyula"]
[Result "1-0"]
[WhiteElo "1920"]
[BlackElo "2600"]
[PlyCount "63"]
[EventDate "1988.07.23"]
[EventType "swiss"]
[EventRounds "9"]
[EventCountry "DEN"]
[SourceTitle "Gl Danbase og ChessBase"]

1. a3 c5 2. g3 g6 3. Bg2 Bg7 4. d3 d6 5. Nd2 Nc6 6. e3 e5 7. Rb1 a5 8. b3 Nge7 9. Ne2 O-O 10. O-O Be6 11. h3 Qd7 12. Kh2 f5 13. c4 g5 14. f4 g4 15. h4 Rad8 16. Qc2 b6 17. Bb2 Bf7 18. Rbd1 d5 19. fxe5 Nxe5 20. d4 cxd4 21. Bxd4 Qc7 22. c5 b5 23. Nc3 Be8 24. a4 b4 25. Ne2 N7g6 26. Rxf5 Nxh4 27. Rxf8+ Bxf8 28. Nf4 Nxg2 29. Kxg2 Qe7 30. Qf5 Bg7 31. Qe6+ Qf7 32. Bxe5 1-0

[Event "SDS Naestved Open"]
[Site "Naestved"]
[Date "1988.07.31"]
[Round "9"]
[White "Schandorff, Lars"]
[Black "Sorensen, Henrik"]
[Result "1-0"]
[WhiteElo "2415"]
[BlackElo "2265"]
[PlyCount "43"]
[EventDate "1988.07.23"]
[EventType "swiss"]
[EventRounds "9"]
[EventCountry "DEN"]
[SourceTitle "Gl Danbase og ChessBase"]

1. d4 Nf6 2. c4 c5 3. d5 b5 4. Nf3 g6 5. cxb5 a6 6. Nc3 axb5 7. d6 exd6 8. e4 b4 9. Nb5 Ra6 10. Bc4 d5 11. exd5 d6 12. O-O Bg7 13. Re1+ Kf8 14. h3 h6 15. Qe2 Rb6 16. Bf4 g5 17. Bh2 g4 18. hxg4 Bxg4 19. a4 bxa3 20. Rxa3 Ne8 21. Re3 Nf6 22. Bxd6+ 1-0